01847nam a22002777a 450000500170000000800410001702000180005804000070007604100080008308200170009110000320010824500330014026000330017330000260020636500980023252006940033065000210102465000330104565000330107865000500111170000350116194200120119699900190120895201710122795201710139820260312142511.0260309b |||||||| |||| 00| 0 eng d a9788131709771 cAL aeng a025.04bBAEM aRicardo Baeza Yates9258632 aModern information retrieval aUttar PradeshbPearsonc2024 axx,513p.bPBc24x18cm 2Information Science and EngineeringaABDI/0854/26b₹780.00c₹d₹1040.00e25%f19-2-2026 aAbout the Book: Modern Information Retrieval We live in the information age, where swift access to relevant information in whatever form or medium can dictate the success or failure of businesses or individuals. The timely provision of relevant information with minimal noise is critical to modern society and this is what information retrieval (IR) is all about. It is a dynamic subject, with current changes driven by the expansion of the World Wide Web, the advent of modern and inexpensive graphical user interfaces and the development of reliable and low-cost mass storage devices. Modern Information Retrieval discusses all these changes in great detail and can be used for read more aModeling9258301 aRetrieval Evaluation9258302 aMultimedia Languages9258303 aLibraries and Bibliographical Systems9258304 aRibeiro Neto, Berthier9258305 2ddccBK c241017d241017 00102ddc40708ISEaSEbSEd2026-02-19eAcademic Book Distributors, Bengaluru-562159g780.00l0o025.04 BAEMpSE000266r2026-03-09 11:21:54v1040.00w2026-02-19yBK 00102ddc40708ISEaSEbSEd2026-02-19eAcademic Book Distributors, Bengaluru-562159g780.00l0o025.04 BAEMpSE000267r2026-03-09 11:21:54v1040.00w2026-02-19yBK